000 00572nam a2200205 a 4500
001 11271
003 CO-ViMGA
008 141112s2004 ck r 000 u spa d
020 _a9589538304
040 _aCO-ViMGA
_bspa
_cCO-ViMGA
082 0 4 _aCo861 C416a
100 1 _aChaparro, Julio Daniel
_915718
245 1 0 _aArbol avido :
_bpoemas
260 _aVillavicencio,
_cEd. Entreletras,
_c1991
300 _a108 p.
500 _aEn : Arbol Avido : Poemas; Fr Co861.6 C41a2
650 1 4 _aLITERATURA LLANERA
_99058
650 1 4 _aPOESIA COLOMBIANA
_91069
942 _2ddc
_cBK
999 _c22478
_d22478